Ostreiculture - Statistiques

Statistiques générales
  • Ce quiz a été pris 10 fois
  • Le résultat moyen est 6 sur 12
Statistiques - réponses
Hint Réponse % Correct
Dans quelle eau vivent les huîtres ? Dans de l'eau salée
78%
D'où viennent les appelations des huîtres "numéro 1", "numéro 2", etc. Au nombre d'huîtres qui tiennent dans une main (si 2 huîtres : numéro 2, si 4 huîtres : numéro 4)
67%
En période de reproduction, quel aspect a l'huître ? Laiteuse
67%
Où se situe le plus grand marais d'affinage au monde ? Dans le bassin Marennes-Oléron (Charente-maritime)
56%
De quoi se nourissent les huîtres ? De phytoplancton
56%
Quels sont les prédateurs de l'huître ? Le crabe et l'étoile de mer
56%
Qu'appelle-t-on une claire ? Un bassin creusé dans le marais
44%
Où se trouve la bouche de l'huître ? Dans sa partie pointue
33%
Quel est le rôle des claires ? L'affinage des huîtres
33%
Comment s'appellent les "bébés huîtres" ? Les naissains
33%
A quoi servaient les claires à l'époque ? Elles étaient d'ancien marais salants
22%
Comment s'appelle le vêtement qui protégeait le visage des ostréicultrices ? La quichenotte
11%
Aucun quiz correspondant
Distribution des résultats
% des personnes avec chaque résultat
Percentile par nombre de réponses
Votre historique - résultats
Vous n’avez pas pris ce quiz